01218nam a2200301 u 450000100070000000500170000700700100002400800410003403500110007504000130008604100080009908000090010708200080011610000400012424500580016426000430022230000130026552003040027860000610058260000610064365000280070465000210073265000620075365000330081570000480084850200120089652600080090893999420260506155658.0co|||||||050817e20050801 spa  a939994 ccomduadb aspa aT/CD 4a15010aRoldan Zapata, Ruth Elena4auteaut13aEl concepto de deseo en Freud y en Deleuze - Guattari aMedellín :b[sin publicador],c2005. a1 CD-ROM3 aEste texto aborda el concepto de deseo en Freud y en Deleuze-Guattari. Para este analisis se hace un recuento historico desde Platon, pasando por el pensamiento cristiano y los autores de la modernidad, para llegar a los autores en los que se centra la investigacion que son Freud y Deleuze-Guattari14aFreud, Sigmund,d1856-1939xCrítica e interpretación14aLacan, Jacques,d1901-1981xCrítica e interpretación aDeseo (Psicoanálisis) aMetapsicología aDeleuze, Gilles, 1925-1995 - Crítica e interpretación aGuattari, Félix, 1930-199210aArroyave Álvarez, Edgar Orlando4thseths b105c12 a106